Catálogo

Vista normal Vista MARC

Entrada Personal Name

Número de registros utilizados en: 1

001 - CONTROL NUMBER

  • control field: 17863

003 - CONTROL NUMBER IDENTIFIER

  • control field: DLC

005 - DATE AND TIME OF LATEST TRANSACTION

  • control field: 20260219110225.0

008 - FIXED-LENGTH DATA ELEMENTS

  • fixed length control field: 251210n| azannaabn |a aaa c

010 ## - LIBRARY OF CONGRESS CONTROL NUMBER

  • LC control number: ns2025004450

040 ## - CATALOGING SOURCE

  • Original cataloging agency: MX-SlUA
  • Language of cataloging: spa
  • Description conventions: rda
  • Transcribing agency: Mx-PuUPA
  • Modifying agency: Mx-PuUPA

100 1# - HEADING--PERSONAL NAME

  • Personal name: Garduño Espinosa, Armando,

373 ## - ASSOCIATED GROUP

  • Associated group: Instituto Nacional de Pediatría (México)
  • Source of term: naf

374 ## - OCCUPATION

  • Occupation: Pediatra
  • Occupation: Autor
  • Source of term: lcsh

375 ## - GENDER

  • Gender: hombre

377 ## - ASSOCIATED LANGUAGE

  • Language code: spa

400 1# - SEE FROM TRACING--PERSONAL NAME

  • Personal name: Espinosa, Armando Garduño

670 ## - SOURCE DATA FOUND

  • Source citation: Bioética, ©2001:
  • Information found: page v (Director Armando Garduño Espinosa. Pediatrician. Instituto Nacional de Pediatría. Professor in Pediatry, UNAM)